La gratuitè du material scolaire... / (Registro nro. 46101)
[ vista simple ]
| 000 -LEADER | |
|---|---|
| campo de control de longitud fija | 00817nam a2200217 i 4500 |
| 001 - NÚMERO DE CONTROL | |
| campo de control | 46101 |
| 003 - IDENTIFICADOR DE NÚMERO DE CONTROL | |
| campo de control | ES-MaACL |
| 005 - FECHA Y HORA DE LA ÚLTIMA TRANSACCIÓN | |
| campo de control | 20250828084000.0 |
| 007 - CAMPO FIJO DE DESCRIPCIÓN FÍSICA--INFORMACIÓN GENERAL | |
| campo de control de longitud fija | t| |
| 008 - DATOS DE LONGITUD FIJA--INFORMACIÓN GENERAL | |
| campo de control de longitud fija | 030327s1947 sz ||||1| fre d |
| 111 2# - ENTRADA PRINCIPAL--NOMBRE DE CONGRESO/REUNIÓN | |
| Nombre de congreso/reunión o jurisdicción como elemento de entrada | Conférence Internationale de l'Instruction Publique ( |
| Número del congreso/reunión o número de parte o sección | 10ª. |
| Fecha del congreso o de la firma del tratado | 1947. |
| Sede del congreso/Lugar de la reunión | Ginebra) |
| 9 (RLIN) | 144 |
| 245 12 - MENCIÓN DEL TÍTULO | |
| Título | La gratuitè du material scolaire... / |
| Mención de responsabilidad, etc. | convoquée par l'Unesco et le B.I.E. |
| 260 ## - PUBLICACIÓN, DISTRIBUCIÓN, ETC. | |
| Lugar de publicación, distribución, etc. | Genève : |
| Nombre del editor, distribuidor, etc. | B.I.E, |
| Fecha de publicación, distribución, etc. | 1947. |
| 300 ## - DESCRIPCIÓN FÍSICA | |
| Extensión | 153 P. ; |
| Dimensiones | 24 cm. |
| 490 1# - MENCIÓN DE SERIE | |
| Mención de serie | Publications du Bureau International d'Education ; |
| Designación de volumen o secuencia | 97 |
| 500 ## - NOTA GENERAL | |
| Nota general | Precede al tít.: Bureau International d'Education. |
| 710 20 - ENTRADA AGREGADA--NOMBRE DE ENTIDAD CORPORATIVA | |
| Nombre de entidad corporativa o nombre de jurisdicción como elemento de entrada | Oficina Internacional de Educación |
| 9 (RLIN) | 6022 |
| 830 0# - PUNTO DE ACCESO ADICIONAL DE SERIE-TÍTULO UNIFORME | |
| Título uniforme | Publications du Bureau International d'Education ; |
| Designación de volumen o secuencia | 97 |
| 9 (RLIN) | 181740 |
| 852 ## - LOCALIZACIÓN | |
| Ubicación | ES-MaACL |
| Número de control de estantería | 1878-F-6 |
| Sublocalización o colección | R.25261 |
| Estatus retirado | Estado de pérdida | Estado de daño | No para préstamo | Colección | Biblioteca de origen | Biblioteca actual | Ubicación en estantería | Fecha de adquisición | Fuente de adquisición | Total de préstamos | Signatura topográfica completa | Código de barras | Visto por última vez | Precio de reemplazo | Tipo de ítem Koha |
|---|---|---|---|---|---|---|---|---|---|---|---|---|---|---|---|
| Colección de folletos | Biblioteca del Ateneo de Madrid | Biblioteca del Ateneo de Madrid | Depósito folletos | 17/01/2008 | 1878-F-6 | 1048497 | 23/02/2023 | 23/02/2023 | Folleto |
